Understanding confluences and contestations, continuities and changes: towards transforming society and empowering people
Saved in:
| Format: | Serial |
|---|---|
| Language: | English |
| Series: | The work of the API Fellows;
2009/2010 |
| Subjects: | |
| Tags: |
Add Tag
No Tags, Be the first to tag this record!
|
| LEADER | 01418nas a2200361Ia 4500 | ||
|---|---|---|---|
| 001 | vtls000108345 | ||
| 003 | MY-ArUMP | ||
| 005 | 20210928131133.0 | ||
| 008 | 130307c20129999th ar 0 0eng d | ||
| 022 | |a X141-0120 | ||
| 035 | |a (OCoLC)829221069 | ||
| 035 | |a (OCoLC)ocn829221069 | ||
| 039 | 9 | |a 201404091325 |b NI |c 201404091325 |d NI |e NUI | |
| 040 | |a MYPMP |b eng |e rda |c MYPMP | ||
| 049 | |a MYPA | ||
| 090 | |a HN652.5 U55 2012 | ||
| 245 | 0 | 0 | |a Understanding confluences and contestations, continuities and changes: |b towards transforming society and empowering people |
| 264 | |b API Regional Coordinating Institution |c 2012 | ||
| 300 | |a xxxii, 255 pages |b illustrations |c 26 cm. | ||
| 336 | |a text |b txt |2 rdacontent | ||
| 337 | |a unmediated |b n |2 rdamedia | ||
| 338 | |a volume |b nc |2 rdacarrier | ||
| 490 | |a The work of the API Fellows; |v 2009/2010 | ||
| 651 | 0 | |a Asia |x Social conditions |y 21st century. | |
| 651 | 0 | |a Asia |x Social life and customs. | |
| 651 | 0 | |a Asia |x History |y 21st century. | |
| 651 | 0 | |a Asia |x Cultural policy. | |
| 942 | |2 lcc |c JOURNAL | ||
| 949 | |6 049189 |a HN652.5 U55 2009 | ||
| 949 | |6 048820 | ||
| 999 | |c 88817 |d 88817 | ||
| 952 | |0 0 |1 0 |2 lcc |4 0 |6 HN06525 U55 02009 |7 0 |9 100291 |a PTSFP |b PTSFP |c 11 |d 2021-09-22 |l 0 |o HN652.5 U55 2009 |p 049189 |r 2021-09-22 |t 1 |w 2021-09-22 |y JOURNAL | ||
| 952 | |0 0 |1 0 |2 lcc |4 0 |7 0 |9 100292 |a FSGM |b FSGM |c 11 |d 2021-09-22 |l 0 |p 048820 |r 2021-09-22 |t 2 |w 2021-09-22 |y JOURNAL | ||